Základné imanie spoločnosti po novom

Niektoré otázky a interpretácie novely Obchodného zákonníka

Salvato in:
Dettagli Bibliografici
Autore principale: Jakubek, Maroš
Natura: Capitolo di libro
Lingua:slovacco
Soggetti:
Tags: Aggiungi Tag
Nessun Tag, puoi essere il primo ad aggiungerne!!

MARC

LEADER 00000naa a2200000 4500
001 0181186
005 20220725111248.6
041 0 |a slo 
044 |a SK 
245 1 0 |a Základné imanie spoločnosti po novom  |c Maroš Jakubek 
520 |a Niektoré otázky a interpretácie novely Obchodného zákonníka 
610 2 0 |a imanie základné 
610 2 0 |a zákony 
610 2 0 |a novelizácia 
610 2 0 |a Slovensko 
610 2 0 |a zákonník obchodný 
100 1 |a Jakubek, Maroš